LEADER 01254cam0 22003011 450 001 SOBE00067989 005 20211019091021.0 010 $a88-207-1631-3 100 $a20211019d1988 |||||ita|0103 ba 101 $aita 102 $aIT 200 1 $aEnte locale e formazione : sperimentazione di un modello di ricerca partecipativa nei comuni dell'area flegrea, 1983-1985$fR. Cervo ... [et al.]$ga cura di Paolo Orefice e Vincenzo Sarracino 210 $aNapoli$cLiguori$d1988 215 $a266 p.$cill.$d20 cm 225 2 $aStudi sull'educazione$v19 410 1$1001SOBE00067692$12001 $a*Studi sull'educazione$v19 702 1$aCervo, Renato$3SOBA00021960$4070 702 1$aOrefice, Paolo$3AF00003355$4070 702 1$aSarracino, Vincenzo$3AF00011123$4070 801 0$aIT$bUNISOB$c20211019$gRICA 850 $aUNISOB 852 $aUNISOB$jFondo|Frauenfelder$m173794 912 $aSOBE00067989 940 $aM 102 Monografia moderna SBN 941 $aM 957 $aFondo|Frauenfelder$b000174$gSI$d173794$n20210111$hFrauenfelder$rDono$1rovito$2UNISOB$3UNISOB$420211019074434.0$520211019091021.0$6rovito$fPer le modalità di consultazione vedi homepage della Biblioteca link Fondi 996 $aEnte locale e formazione$91432443 997 $aUNISOB